000 04907cim a2201021 a 4500
999 _c57938
001 12138760
003 LIBRIS
005 20210601130808.0
007 sd |||||||m|||
008 110409s2011 sw nn||||||||||f | swe|
020 _a9789164222206
028 0 1 _aPirCD 116 :
_bPiratförlaget audio
035 _aAVM002754193
035 _a(Bo)477109
035 _aAVM002754193
040 _aS
_ea
041 _aswe
082 0 4 _a839.73
_222 (machine generated)
084 _aHc.01/LC
_2kssb/8
084 _aHc.01
_2kssb/8
100 1 _aGuillou, Jan,
_d1944-
_4aut
_0https://libris.kb.se/75kmmqlr2dzsqk5#it
245 1 0 _aBrobyggarna
_h[Ljudupptagning] /
_cJan Guillou.
264 1 _aStockholm :
_bPiratförlaget,
_ccop. 2011
300 _a19 CD (24 tim.)
_bstereo
500 _aLjudbok CD (CD-audio)
500 _aOriginalupplaga för boken 2011
500 _aSerie/fortsättningsarbete: 1. Brobyggarna -- 2. Dandy -- 3. Mellan rött och svart -- 4. Att inte vilja se -- 5. Blå stjärnan -- 6. Äkta amerikanska jeans -- 7.1968
541 _5S
655 7 _aLjudböcker
_0https://id.kb.se/term/saogf/Ljudb%C3%B6cker
_2saogf
700 1 _aBolme, Tomas,
_d1945-
_4nrt
_0https://libris.kb.se/sq47gkrb4423k6s#it
856 4 2 _uhttp://smdb.kb.se/resource/id/002754193
_zSvensk mediedatabas
887 _a{"@id":"0jbczwtb0jxxfdr","modified":"2017-10-06T12:08:06+02:00","checksum":"172109225720"}
_2librisxl
887 _a{"@id":"7ck7clld4896115","modified":"2014-08-25T11:22:21+02:00","checksum":"173764745164"}
_2librisxl
887 _a{"@id":"7clh7bcd32kfpb9","modified":"2016-01-25T11:41:49+01:00","checksum":"164589189245"}
_2librisxl
887 _a{"@id":"lqxk0qxr5q7zd3q","modified":"2014-04-01T11:51:40+02:00","checksum":"153874754878"}
_2librisxl
887 _a{"@id":"hmtcm78n1wm0xp8","modified":"2013-10-30T18:09:15+01:00","checksum":"144041132456"}
_2librisxl
887 _a{"@id":"6bjt5hfc4wb2rlh","modified":"2011-09-21T08:37:51+02:00","checksum":"171120786568"}
_2librisxl
887 _a{"@id":"rw476plx437l158","modified":"2016-11-07T18:31:48+01:00","checksum":"157482196085"}
_2librisxl
887 _a{"@id":"bgn64dqh29lbnqb","modified":"2013-09-19T10:40:27+02:00","checksum":"156855536245"}
_2librisxl
887 _a{"@id":"gltm5krm2166d03","modified":"2015-06-22T11:05:45+02:00","checksum":"157087851897"}
_2librisxl
887 _a{"@id":"1d80mlqvz8v1hjd9","modified":"2020-10-19T14:53:54.544+02:00","checksum":"171564663485"}
_2librisxl
887 _a{"@id":"48grv0v914px0br","modified":"2012-06-27T09:09:44+02:00","checksum":"171336055286"}
_2librisxl
887 _a{"@id":"26f7g5x70kqkk8n","modified":"2015-05-25T19:01:32+02:00","checksum":"156999996989"}
_2librisxl
887 _a{"@id":"kpw7m83q3074w74","modified":"2011-12-12T13:36:40+01:00","checksum":"144552734852"}
_2librisxl
887 _a{"@id":"bgn0s6qh1k45142","modified":"2011-10-21T13:18:27+02:00","checksum":"156200867541"}
_2librisxl
887 _a{"@id":"qv2vfnfw49gqr9t","modified":"2015-03-24T08:17:36+01:00","checksum":"161272976753"}
_2librisxl
900 1 s _6100
_d1944-
_uGuillou, Jan,
_d1944-
900 1 s _6100
_d1944-
_uGuillou, Jan,
_d1944-
900 1 s _6100
_d1944-
_uGuillou, Jan,
_d1944-
900 1 s _6100
_d1944-
_uGuillou, Jan,
_d1944-
900 1 s _6100
_d1944-
_uGuillou, Jan,
_d1944-
900 1 s _6100
_d1944-
_uGuillou, Jan,
_d1944-
900 1 s _6100
_d1944-
_uGuillou, Jan,
_d1944-
942 _2z
_cAUDIOBOOK